willow - Taylor Swift (All Lyrics) - Statistics

General Stats
  • This quiz has been taken 211 times
  • The average score is 375 of 414
Answer Stats
Lyrics % Correct
I
99%
you
99%
You
99%
a
98%
that
98%
the
98%
The
98%
to
98%
an
97%
I'm
97%
my
97%
was
97%
when
97%
where
97%
willow
97%
your
97%
And
96%
and
96%
for
96%
like
96%
Like
96%
hand
95%
in
95%
it
95%
know
95%
take
95%
that's
95%
That's
95%
follow
94%
Life
94%
man
94%
on
94%
plans,
94%
win
94%
but
93%
But
93%
night
93%
say,
93%
less
92%
more
92%
if
91%
right
91%
Wreck
91%
were
90%
bent
89%
water
89%
begging
88%
knife
88%
ship
88%
wind
88%
cut
87%
from
87%
is
87%
through
87%
face
86%
look
86%
me
86%
case
85%
open
85%
ring
85%
surface,
85%
Wherever
85%
champion
83%
could
83%
home
83%
of
83%
or
83%
shut
83%
thing
83%
come
82%
known
82%
stray,
82%
I'd
81%
I'll
81%
scars
81%
trophy
81%
Rough
80%
Yeah,
80%
Show
79%
would've
79%
Anywhere
78%
art
78%
back
78%
else
78%
hollow
78%
others
78%
stronger
78%
work
78%
after
77%
dark
77%
gave
77%
prize
77%
than
77%
trend
77%
Every
76%
places
76%
priceless
76%
rolled
76%
meet
75%
one
75%
wine
75%
'90s
74%
Wait
74%
feel
73%
mythical
73%
never
73%
should've
73%
this
71%
guess
70%
Head
70%
signal,
70%
there
70%
time
70%
again
68%
As
68%
cheat
67%
sneakin'
67%
Lost
66%
pillow,
66%
switch
64%
train
63%
out
62%
They
61%
current
59%
bait
54%
Hey,
54%
count
52%
Now
50%
No matching quizzes found
Score Distribution
Percent of People with Each Score
Percentile by Number Answered
Your Score History
You have not taken this quiz